<?xml version="1.0" encoding="UTF-8"?>
<collection xmlns="http://www.loc.gov/MARC21/slim">
 <record>
  <leader>00461pamaa2200145   4500</leader>
  <controlfield tag="001">0000017657</controlfield>
  <controlfield tag="005">20080313090000.0</controlfield>
  <datafield tag="020" ind1="0" ind2="0">
   <subfield code="a">1557385874 </subfield>
  </datafield>
  <datafield tag="082" ind1=" " ind2=" ">
   <subfield code="a">332.645 MCC</subfield>
  </datafield>
  <datafield tag="090" ind1="0" ind2="0">
   <subfield code="a">HG6046.5 </subfield>
   <subfield code="b">MCC 1994</subfield>
  </datafield>
  <datafield tag="100" ind1="1" ind2="0">
   <subfield code="a">MCCAFFERTY </subfield>
  </datafield>
  <datafield tag="245" ind1="1" ind2="0">
   <subfield code="a">Winning with managed futures : </subfield>
   <subfield code="b">how to select a top performing commodity trading advisor  </subfield>
   <subfield code="c">Thomas A. McCafferty.</subfield>
  </datafield>
  <datafield tag="260" ind1="0" ind2="0">
   <subfield code="a">Illinois: </subfield>
   <subfield code="b">Probus Publishing, </subfield>
   <subfield code="c">1994.</subfield>
  </datafield>
  <datafield tag="300" ind1=" " ind2=" ">
   <subfield code="a">xvii, 240p.: </subfield>
   <subfield code="b">24cm.</subfield>
  </datafield>
  <datafield tag="650" ind1="0" ind2="0">
   <subfield code="a">Commodity -- </subfield>
   <subfield code="x">Futures </subfield>
  </datafield>
 </record>
</collection>
